Os dois corvos (Registo nº 5929)

Detalhes MARC
000 -Etiqueta do registo
Valores 01036nam a2200277 4500
010 ## - Número ISBN
ISBN 9722029517
021 ## - Número do Depósito Legal
Número 229912/05
100 ## - Dados gerais de processamento
Dados gerais 20211231d2005 c||y0pory5003 ba
200 1# - Titulo e menção de responsabilidade
Título próprio Os dois corvos
Primeira menção de responsabilidade Aldous Huxley, Beatrice Alemagna
Outras menções de responsabilidade trad. Luísa Costa Gomes
205 ## - Menção da edição
Edição 1ªed
210 #9 - Publicação
Local de publicação Lisboa
Nome do editor D. Quixote
Data de publicação 2005
215 ## - Descrição física 
Paginação / Volumes [28] p.
Outras indicações físicas il.
Dimensões 30 cm
304 ## - Nota relativa ao título
Texto de nota T�it. orig.: The Crows of Pearblossom
330 ## - Sumário ou Resumo
Texto da nota Assim que a Senhora Corvo sai para fazer as compras do dia, os seus ovinhos são logo devorados por uma cobra gulosa! Que artimanha irão o Senhor Corvo e os seu amigo Mocho Velho inventar para salvar os preciosos ovos?
606 ## - Nome comum usado como assunto
ID Autoridade 14
Palavra de ordem Literatura infantil
606 ## - Nome comum usado como assunto
ID Autoridade 13
Palavra de ordem Literatura Estrangeira
675 ## - CDU
Notação 82-93
Edição BN
Língua por
675 ## - CDU
Notação 821.1/.8
Edição BN
Língua por
700 ## - Autor principal (pessoa individual)
Apelido Huxley
Nome Aldous
Datas 1894-1963
ID Autoridade 4795
701 ## - Co-autor principal (pessoa individual)
Apelido Alemagna
Nome Beatrice
Datas 1973-
ID Autoridade 5622
702 ## - Autor secundário (pessoa individual)
Apelido Gomes
Nome Luisa Costa
Datas 1954-
ID Autoridade 440
801 #0 - Fonte de origem
País PT
Agência BMVN
Regras de catalogação RPC
830 ## - Notas gerais do catalogador
Criado por Ana Caeatno
Data de criação 31/12/2021
990 ## - Elementos KOHA
Tipo de documento Livro
Exemplares
Situação do levantamento Biblioteca de origem Código de barras Cota Permissão de empréstimo Tipo de documento Forma de aquisição
  Biblioteca Municipal de Vendas Novas 100000033414 LI EST/HUX   Livro  

Powered by Koha